| 000 | 00679nam a2200205 i 4500 | ||
|---|---|---|---|
| 001 | 56911 | ||
| 003 | ES-MaACL | ||
| 005 | 20230906163455.0 | ||
| 007 | t| | ||
| 008 | 031014s1938 sp ||||1| spa d | ||
| 100 | 1 |
_aDiego de la Rosa, Fernando de. _944560 |
|
| 245 | 1 | 3 |
_aLa paz de la guerra / _cpor Fernando de Diego de la Rosa ; [ilustraciones de Teodoro Delgado]. |
| 260 |
_aMadrid : _b[s.n., _c1938. |
||
| 300 |
_a16 p. : _bil. ; _c28 cm. |
||
| 490 | 1 |
_aLa novela de "Vértice" ; _voctubre 1938 |
|
| 700 | 0 |
_aDelgado, Teodoro. _943435 |
|
| 830 | 0 |
_aLa novela de "Vértice" ; _voctubre 1938 _9171496 |
|
| 852 |
_aES-MaACL _j1846-F-41 _bR.20274 |
||
| 999 |
_c56911 _d56911 |
||